Diligence and happiness : stories of Chinese women shaking off poverty / (Record no. 586517)
[ view plain ]
| 000 -LEADER | |
|---|---|
| fixed length control field | 00438nam a22001337a 4500 |
| 020 ## - INTERNATIONAL STANDARD BOOK NUMBER | |
| International Standard Book Number | 9787512718272 |
| 040 ## - CATALOGING SOURCE | |
| Transcribing agency | NUST CL |
| 082 ## - DEWEY DECIMAL CLASSIFICATION NUMBER | |
| Classification number | 920.720951 |
| Author Mark | BIY |
| 100 ## - MAIN ENTRY--PERSONAL NAME | |
| Personal name | Biyu , Wu |
| 9 (RLIN) | 83148 |
| 245 ## - TITLE STATEMENT | |
| Title | Diligence and happiness : stories of Chinese women shaking off poverty / |
| Statement of responsibility, etc. | Biyu Wu. |
| 260 ## - PUBLICATION, DISTRIBUTION, ETC. | |
| Place of publication, distribution, etc. | Beijing Shi : |
| Name of publisher, distributor, etc. | China Women Publishing House , |
| Date of publication, distribution, etc. | 2020. |
| 300 ## - PHYSICAL DESCRIPTION | |
| Extent | 3, 6, 276 pages : illustrations, portraits ; 25 cm |
| 942 ## - ADDED ENTRY ELEMENTS (KOHA) | |
| Source of classification or shelving scheme | |
| Koha item type | Book |
| Withdrawn status | Lost status | Source of classification or shelving scheme | Damaged status | Not for loan | Permanent Location | Current Location | Shelving location | Date acquired | Total Checkouts | Full call number | Barcode | Date last seen | Date last checked out | Price effective from | Koha item type | Materials specified (bound volume or other part) | Source of acquisition |
|---|---|---|---|---|---|---|---|---|---|---|---|---|---|---|---|---|---|
| Central Library (CL) | Central Library (CL) | Chinese Studies | 10/06/2021 | 1 | 920.720 BIY | CL-D-1275 | 01/17/2023 | 01/01/2023 | 10/14/2021 | Book | |||||||
| Central Library (CL) | Central Library (CL) | Chinese Studies | 10/06/2021 | 920.720 BIY | CL-D-1276 | 10/14/2021 | 10/14/2021 | Book | |||||||||
| Central Library (CL) | Central Library (CL) | Chinese Studies | 11/29/2025 | 920.720951 BIY | CL-D-3151 | 11/29/2025 | 11/29/2025 | Book | Donated by China Study Centre (CSC) - S3H NUST | Donation | |||||||
| NUST Law School (NLS) | NUST Law School (NLS) | 07/17/2025 | 920.720 BIY | NLSD-286 | 07/17/2025 | 07/17/2025 | Book |
